00750nam a22002057a 4500999001900000005001700019010001500036020003000051035001400081037001300095082001000108100002300118245009600141250000900237260005100246270007100297300002200368942002400390952013000414 c180825d18082520210819123807.0 aENG-129759 c300.00a978-81-947069-7-7 aEN-113291 bDBAD/PUB a006.3 aNesamani, S. Leena aArtificial Intelligence :cS. Leena Nesamani, R. Rajalakshmi, V. R. Niveditha, I. S. Beschi a2021 aChannaibJupiter Publications Consortiumc2021 bChennaia22/102, Second Street, Virugambakkammdirector@jpc.in.net a179p.c21cm (pbk) 2ddccENkNESh006.3 001040708NFICaZLSbZLSd2021-08-19eDBAD/PUBg300.00l6o006.3pEN-113291r2025-07-28 00:00:00s2025-07-14t1v300.00yEN